| 000 | 01090nac a22003017a 4500 | ||
|---|---|---|---|
| 001 | BR0400311 | ||
| 003 | BR-BrBNA | ||
| 005 | 20240105122937.0 | ||
| 008 | 230509b bl.|||m| |||| 00| 0 por d | ||
| 040 |
_aBR-BrBNA _bpor _cBiblioteca Nacional de Agricultura |
||
| 072 | _aH20 | ||
| 090 | _a1660 BR0400311 | ||
| 100 | 1 | _aMelo, I.S. de | |
| 110 | 1 |
_aCentro Nacional de Pesquisa de Defesa da Agricultura, Jaguariúna, SP (Brasil) _91762 |
|
| 245 | 1 | _aObtenção de novos biótipos de Trichoderma viride, modificados por irradiação com luz ultra-violeta, antagônicos a sclerotinia minor | |
| 260 | 3 |
_aJaguariúna, SP (Brasil): _c1989. |
|
| 300 | _a17 p. | ||
| 490 |
_aBoletim de Pesquisa - Centro Nacional de Pesquisa de Defesa da Agricultura (Brazil) _vno. 6 _xISSN 0102-9363 |
||
| 500 | _aSummaries (En, Pt); 20 ref. | ||
| 650 | _aALFACE | ||
| 650 | _aTRICHODERMA VIRIDE | ||
| 650 | _aSCLEROTINIA MINOR | ||
| 650 | _aCONTROLE BIOLÓGICO | ||
| 650 | _aRAIO ULTRAVIOLETA | ||
| 650 | _aBIÓTIPO | ||
| 909 |
_a202312 _bLúcia Elande _c55 _dLúcia Elande |
||
| 942 |
_2AGRIS _n0 _cMS |
||
| 999 |
_c293400 _d293400 |
||